000 00455nam a2200193Ia 4500
005 20240823014308.0
008 240823s9999||||xx |||||||||||||| ||und||
020 _a81-7409-104-1
041 _aENGLISH
082 _A624.15136 P4
100 _aGarg S K
245 0 _aSoil Mechanics and Foundation Engineering
250 _a5th
260 _c2004
_b"Khanna,"
500 _aYES
650 _aMechanics
_bMechanical
942 _cBK
999 _c169677
_d169677